000 00800nam a22002417a 4500
999 _c20263
_d20263
003 AR-CdUCM
008 190528b ||||| |||| 00| 0 spa d
040 _aMUNICIPALIDAD PROVINCIAL DEL CUSCO
_cBIBLIOTECA MUNICIPAL DEL CUSCO
082 _a370.985 /
_bS18
100 _aSalazar Romero, Carlos
_96841
245 _aPedagogía /
260 _aLima :
_bDel Sol,
_c1963.
300 _a193 páginas ;
_c20 cm.
440 _aBiblioteca de cultura peruana contemporánea :
_n9
_942349
505 _aContenido: La pedagogía peruana -- El problema pedagógico nacional -- Reforma de la educación primaria...
650 _aEducación
_9460
650 _aPerú
_935
650 _aSiglo XX
_98
650 _aColecciones
_9607
650 _aPedagogía
_91560
942 _2ddc
_cLIBROS
945 _aJavier